| 000 | 00925nam a22003371c 4500 | ||
|---|---|---|---|
| 001 | ht015734863 | ||
| 008 | 090909s2008 gw |||| 000u ger d | ||
| 020 |
_a9783515092 _9978-3-515-092 |
||
| 041 | _ager | ||
| 100 | 1 | _aSojčić, Tvrtko P. | |
| 245 | 0 | 4 |
_aDie "Lösung" der kroatischen Frage zwischen 1939 und 1945 : _bKalküle und Illusionen |
| 264 |
_aStuttgart : _bSteiner, _c2008 |
||
| 300 | _a475 S. | ||
| 502 | _aZugl.: Duisburg, Essen, Univ., Diss., 2007 | ||
| 600 | 0 | _aPavelič, Ante | |
| 650 | 0 | _aZweiter Weltkrieg | |
| 650 | 0 | _aNationalsozialismus | |
| 650 | 0 | _aSchoah | |
| 650 | 0 | _aUstascha | |
| 650 | 0 | _aKriegsverbrechen | |
| 650 | 0 | _aSerben | |
| 651 | 0 | _aBalkan | |
| 651 | 0 | _aJugoslawien | |
| 651 | 0 | _aKroatien | |
| 655 | 0 | _aHochschulschrift | |
| 942 | _cMG | ||
| 040 | _cRU-10907106 | ||
| 003 | RU-10907106 | ||
| 999 |
_c19973 _d19973 |
||
| 490 | 0 |
_aHistorische Mitteilungen : Beiheft _v71 |
|
| 490 | 0 | _aGeschichte | |